Lists of Ratifications by Convention and by country (as at 31 December 1997) third item on the Agenda: Information and Reports on the Application of Conventions and Recommendations : report 3 (part 2)

Bibliographic Details
Corporate Author: Medzinárodná organizácia práce (Author)
Format: Book
Language:English
PhysicalDescription:xi, 304 s. 24 cm
Published: Geneva International Labour Office 1998
ISBN:9221106535
ISSN:0074-6681
Series:International Labour Conference
Subjects:

MARC

LEADER 00000nam a2200000 a 4500
001 vtls001335332
003 SK-MaSNL
005 20260301200523.0
008 251113s1998 CH 0 eng
020 |a 9221106535  |c [812,00] 
035 |a SNK000288302 
040 |a SNK  |b slo  |c SNK  |e AACR2 
044 |a CH 
080 |a 331.81/.89:341.24(083.81)  |2 1981 
110 0 |a Medzinárodná organizácia práce  |4 aut  |9 18131 
245 1 |a Lists of Ratifications by Convention and by country (as at 31 December 1997)  |b third item on the Agenda: Information and Reports on the Application of Conventions and Recommendations : report 3 (part 2) 
260 |a Geneva  |b International Labour Office  |c 1998 
300 |a xi, 304 s.  |c 24 cm 
490 1 |a International Labour Conference  |x 0074-6681  |v 86th Session 1998 
650 0 7 |a pracujúci  |x práva  |x konvencie medzinárodné  |x súpisy  |2 SNK  |9 379922 
830 0 |a International Labour Conference  |9 282922 
919 |a 92-2-110653-5 
999 |c 890844  |d 892774 
952 |t P60, <04>, [BOOK], {604}  |a SNK  |b SNK  |y VYP  |7 0  |p 17A0141243  |o snkIC 127337  |i snkV 814/98  |0 0  |1 0  |4 0  |d 1998-06-25  |l 0  |r 2005-01-02 00:00:00  |w 2026-02-24